000 00342nam a2200157Ia 4500
003 SGT
005 20260530141428.0
082 _a611
_bA14S
100 _aSINGH, VISHRAM
245 _aTB. OF ANATOMY : UPPER LIMB AND THORAX
250 _a2ND
260 _bELSEVIER
_aINDIA
_c2014
300 _a330
650 _aHUMAN ANATOMY
942 _2ddc
_cBK
999 _c6621
_d6621